000
00309nam a22001457a 4500
003
SGT
082
_a
340.59,MAH
100
_a
MAHMOOD, TAHIR
245
_a
INTRODUCTION TO MUSLIM LAW
250
_a
1ST
260
_a
NEW DELHI
_b
UNIVERSAL BOOK
_c
2014
300
_a
302
650
_a
MUSLIM LAW
942
_2
ddc
_c
BK
999
_c
9786
_d
9786